000 00544nam a2200169 i 4500
001 105257
003 ES-MaACL
005 20230906183826.0
007 t|
008 060620s1954 sp ||||1| spa d
100 1 _aLópez Ortiz, Luis.
_973850
245 1 4 _aLos contratos procesales /
_cLuis López Ortiz.
260 _aMadrid :
_bInstituto Editorial Reus,
_c1954.
300 _a36 p. ;
_c24 cm.
500 _aSeparata de la Revista General de Legislación y Jurisprudencia, julio-agosto de 1954.
852 _aES-MaACL
_j2012-F-10
_bR.43951
999 _c105257
_d105257